| 000 | 00547nam a2200133Ia 4500 | ||
|---|---|---|---|
| 008 | 171212s9999 xx 000 0 und d | ||
| 020 | _a9781921313011 | ||
| 245 |
_ceditor Wanna, John _aImproving Implementation _bOrganisational Change and Project Management |
||
| 260 |
_bANU E Press _c2007 |
||
| 440 | _aAustralia and New Zealand School of Government (ANZSOG) | ||
| 650 | _aBusiness | ||
| 650 | _aOrganizational change -- Australia -- Congresses; Project management -- Australia -- Congresses | ||
| 856 | _uwww.jstor.org/stable/10.2307/j.ctt24h3mc | ||
| 999 |
_c351147 _d351147 |
||